000 00392nam a2200157Ia 4500
008 230917s9999||||xx |||||||||||||| ||und||
040 _e14121
_aMAIN
041 _aEnglish
082 _a544.92 M339L
100 _aMarinetti, Guido V. ed.
245 0 _aLipid chromatographic analysis
250 _a2nd ed.
260 _aNew York
_bMarcal dekher
_c1976
300 _a1-337 p.
942 _cBK
999 _c198059
_d198059